All Belgian Premier League Players Ever - Statistics

General Stats
  • This quiz has been taken 46 times
    9 since last reset
  • The average score is 25 of 69
Answer Stats
Position Clubs Years Player % Correct
ATT Liverpool, Forest 2015-22, 2023-24 Divock Origi
100%
DEF Spurs 2012-20 Jan Vertonghen
100%
ATT Chelsea, West Brom, Everton, Man United 2011-19, 2021-22 Romelu Lukaku
100%
GK Chelsea 2014-18 Thibaut Courtois
100%
DEF Southampton, Spurs 2014-21 Toby Alderweireld
100%
DEF Man City 2008-19 Vincent Kompany
100%
ATT Aston Villa, Liverpool, Crystal Palace 2012-22 Christian Benteke
86%
MID/ATT Chelsea 2012-19 Eden Hazard
86%
ATT Cyrstal Palace 2016-17 Jonathan Benteke
86%
MID Chelsea, Man City 2013-14, 2015-25 Kevin De Bruyne
86%
MID Everton, Manchester United 2008-19 Marouane Fellaini
86%
ATT Chelsea, Crystal Palace 2016-21 Michy Batshuayi
86%
MID Fulham, Spurs 2010-19 Mousa Dembele
86%
GK Sunderland, Liverpool 2010-18 Simon Mignolet
86%
MID Leicester, Aston Villa 2018-present Youri Tielemans
86%
MID Everton, Aston Villa 2022-present Amadou Onana
71%
MID Man City 2023-present Jeremy Doku
71%
ATT Brighton, Arsenal 2019-present Leandro Trossard
71%
DEF Leicester, Fulham 2020-present Timothy Castagne
71%
DEF Leicester 2022-23, 2024-25 Wout Faes
71%
MID Manchester United, Sunderland 2013-17 Adnan Januzaj
57%
MID/ATT Everton 2012-18 Kevin Mirallas
57%
GK Forest 2023-present Matz Sels
57%
MID Spurs, West Brom 2013-18 Nacer Chadli
57%
DEF Arsenal 2009-14 Thomas Vermaelen
57%
DEF Man City 2003-04 Daniel Van Buyten
43%
MID Southampton, Chelsea 2022-present Romeo Lavia
43%
MID Arsenal, Crystal Palace, Luton 2021-24 Albert Sambi Lokonga
29%
MID Leicester 2019-21, 2022-23 Dennis Praet
29%
MID Wolves, Aston Villa 2018-24 Leander Dendoncker
29%
DEF Brighton 2025-present Maxim De Cuyper
29%
MID Forest, Everton 2022-25 Orel Mangala
29%
DEF Manchester United, Norwich, Leicester 2008-10, 2011-12, 2014-16 Ritchie De Laet
29%
MID Burnley 2016-19 Steven Defour
29%
DEF Portsmouth 2009-10 Anthony Vanden Borre
14%
DEF Aston Villa 2019-20 Bjorn Engels
14%
MID/ATT Chelsea 2017-18 Charly Musonda
14%
DEF Watford 2016-20, 2021-22 Christian Kabasele
14%
DEF Man City, Bolton 2009-12, 2013-15 Dedryck Boyata
14%
ATT Watford 2017-18 Dodi Lukebakio
14%
ATT Man City 2006-08 Emile Mpenza
14%
ATT Sheff Wed, Aston Villa 1999-2001 Gilles De Bilde
14%
DEF Sunderland 2016-17 Jason Denayer
14%
DEF Southampton, Wolves 2004-05, 2010-11 Jelle Van Damme
14%
ATT Huddersfield 2017-19 Laurent Depoitre
14%
ATT Sheff Wed 1995-96 Marc Degryse
14%
MID/ATT Burnley 2023-24, 2025-present Mike Tresor
14%
DEF Newcastle 1994-99 Philippe Albert
14%
GK Luton 2023-24 Thomas Kaminski
14%
MID Watford 1999-2000 Adrian Bakalli
0%
DEF Burnley 2023-24 Ameen Al-Dakhil
0%
ATT Derby 1999-2002 Branko Strupar
0%
DEF West Brom 2008-09 Carl Hoefkens
0%
ATT Coventry 1999-2001 Cedric Roussel
0%
MID Wolves 2009-11 Geoffrey Mujangi Bia
0%
ATT Huddersfield 2018-19 Isaac Mbenza
0%
MID Spurs 2002-04 Jonathan Blondel
0%
ATT Stoke 2016-18 Julien Ngoy
0%
ATT Aston Villa 2000-01 Luc Nilis
0%
GK Birmingham 2002-03, 2005-06 Nico Vaesen
0%
ATT Watford 2015-16 Obbi Oulare
0%
DEF/MID Coventry 1998-99 Philippe Clement
0%
DEF Coventry 1996-97 Regis Genaux
0%
MID Swansea 2012-14 Roland Lamah
0%
GK West Ham 2010-11 Ruud Boffin
0%
DEF Leeds 2025-present Sebastiaan Bornauw
0%
DEF West Brom 2014-16 Sebastien Pocognoli
0%
MID Southampton 2012-13 Steve De Ridder
0%
MID Norwich 2015-16 Vadis Odjidja-Ofoe
0%
No matching quizzes found
Score Distribution
Percent of People with Each Score
Percentile by Number Answered
Your Score History
You have not taken this quiz since the last reset